RAP publiccatión catalogue 2002 to 2003

Wedi'i Gadw mewn:
Manylion Llyfryddiaeth
Fformat: Llyfr
Iaith:Undetermined
Cyhoeddwyd: Bangkok FAO 2004
Pynciau:
Tagiau: Ychwanegu Tag
Dim Tagiau, Byddwch y cyntaf i dagio'r cofnod hwn!
Thư viện lưu trữ: Trung tâm Học liệu Trường Đại học Cần Thơ
LEADER 00395nam a2200157Ia 4500
001 CTU_91372
008 210402s9999 xx 000 0 und d
082 |a 017.8 
082 |b F686 
245 0 |a RAP publiccatión catalogue 2002 to 2003 
260 |a Bangkok 
260 |b FAO 
260 |c 2004 
650 |a Unesco 
904 |i Năm 
980 |a Trung tâm Học liệu Trường Đại học Cần Thơ